Introductory Management Science / Fourth Edition (Record no. 1008)
[ view plain ]
| 000 -LEADER | |
|---|---|
| fixed length control field | 02037cam a22002414a 4500 |
| 005 - ΗΜΕΡΟΜΗΝΙΑ ΚΑΙ ΩΡΑ ΤΕΛΕΥΤΑΙΑΣ ΕΝΗΜΕΡΩΣΗΣ | |
| Πεδίο ελέγχου | 20250605163955.0 |
| 008 - FIXED-LENGTH DATA ELEMENTS--GENERAL INFORMATION | |
| Πεδίο ελέγχου σταθερού μήκους | 250528s ||||||||||||||||||||||||d |
| 035 ## - SYSTEM CONTROL NUMBER | |
| System control number | 15428 |
| 020 ## - ISBN | |
| ISBN | 134864409 |
| 040 ## - ΠΗΓΗ ΚΑΤΑΛΟΓΟΓΡΑΦΗΣΗΣ | |
| Φορέας πρωτότυπης καταλογογράφησης | MC Athens Campus Library |
| Γλώσσα καταλογογράφησης | Ελληνικά, Μοντέρνα (1453-) |
| Modifying agency | MC Athens Campus Library |
| Κανόνες περιγραφικής καταλογογράφησης | AACR2 |
| 245 1# - ΤΙΤΛΟΣ ΚΑΙ ΔΗΛΩΣΗ ΥΠΕΥΘΥΝΟΤΗΤΑΣ | |
| Τίτλος | Introductory Management Science / Fourth Edition |
| 250 ## - EDITION STATEMENT | |
| Edition statement | 4th |
| 260 ## - PUBLICATION, DISTRIBUTION, ETC. | |
| Name of publisher, distributor, etc. | Prentice Hall, |
| Date of publication, distribution, etc. | 1993 |
| 300 ## - PHYSICAL DESCRIPTION | |
| Extent | 894 |
| 505 0# - FORMATTED CONTENTS NOTE | |
| Formatted contents note | Preface, Introduction: Models and Modelling, Deterministic Models, Linear Programming: Formal and Spreadsheet Models, Linear Programming: Geometric Representations and Graphical Solutions, Analysis of LP Models: The Graphical Approach, Linear Programming: The Simplex Method, Linear Programming: Special Applications, Integer and Quadratic Programming, Network Models, Inventory Control with Known Demand, Heuristics and Multiple Objectives and Goal Programming, Calculus Based Optimization and an Introduction to Nonlinear Programming, Probabilistic Models, Simulation, Decision Theory and Decision Trees, Project Management: PERT and CPM, Inventory Models with Probabilistic Demand, Queuing Models, Forecacting, Appendices, Index. |
| 520 ## - SUMMARY, ETC. | |
| Summary, etc. | Preface, Introduction: Models and Modelling, Deterministic Models, Linear Programming: Formal and Spreadsheet Models, Linear Programming: Geometric Representations and Graphical Solutions, Analysis of LP Models: The Graphical Approach, Linear Programming: The Simplex Method, Linear Programming: Special Applications, Integer and Quadratic Programming, Network Models, Inventory Control with Known Demand, Heuristics and Multiple Objectives and Goal Programming, Calculus Based Optimization and an Introduction to Nonlinear Programming, Probabilistic Models, Simulation, Decision Theory and Decision Trees, Project Management: PERT and CPM, Inventory Models with Probabilistic Demand, Queuing Models, Forecacting, Appendices, Index. |
| 700 1# - ΠΡΟΣΘΕΤΗ ΑΝΑΓΡΑΦΗ--ΦΥΣΙΚΟ ΠΡΟΣΩΠΟ | |
| Personal name | Eppen G.D |
| 9 (RLIN) | 1351 |
| 700 1# - ΠΡΟΣΘΕΤΗ ΑΝΑΓΡΑΦΗ--ΦΥΣΙΚΟ ΠΡΟΣΩΠΟ | |
| Personal name | Gould F.J |
| 9 (RLIN) | 1352 |
| 700 1# - ΠΡΟΣΘΕΤΗ ΑΝΑΓΡΑΦΗ--ΦΥΣΙΚΟ ΠΡΟΣΩΠΟ | |
| Personal name | Schmidt C.P |
| 9 (RLIN) | 1353 |
| 942 ## - ADDED ENTRY ELEMENTS (KOHA) | |
| Koha item type | Books |
| Τύπος τεκμηρίου | Βιβλιοθήκη | Τρέχουσα τοποθεσία | Barcode | Αριθμός εισαγωγής | Ημερομηνία απόκτησης | Ταξιθετικό σύμβολο | Αριθμός αντιτύπου | Κατάσταση απόσυρσης | Κατάσταση χαμένου | Κατάσταση κατεστραμμένου | Μη δανεισμός | Σύνολο δανεισμών | Ημερομηνία τελευταίας εμφάνισης | Η τιμή ισχύει από |
|---|---|---|---|---|---|---|---|---|---|---|---|---|---|---|
| Books | MC Athens Campus Library | MC Athens Campus Library | 9780000010070 | 1769 | 05/06/2025 | 658.4/033 GOU | 1 | 05/06/2025 | 05/06/2025 |